[Event "Muensterland Verbandsliga 1718"]
[Site "Germany"]
[Date "2018.05.05"]
[Round "9.6"]
[White "Boerger, Andreas"]
[Black "Bohn, Andreas"]
[Result "1/2-1/2"]
[WhiteElo "1774"]
[BlackElo "1819"]
[PlyCount "84"]
[EventDate "2017.09.09"]
[EventType "team-tourn"]
[EventRounds "9"]
[EventCountry "GER"]
[SourceTitle "EXT 2019"]
[Source "ChessBase"]
[SourceDate "2018.10.10"]
[SourceVersion "1"]
[SourceVersionDate "2018.10.10"]
[SourceQuality "1"]
[WhiteTeam "Muenster SK IV"]
[BlackTeam "Borken"]
[WhiteTeamCountry "GER"]
[BlackTeamCountry "GER"]

1. c4 c6 2. b3 d5 3. e3 e6 4. Bb2 Nf6 5. Nf3 Be7 6. Be2 0-0 7. 0-0 Nbd7 8. Qc2 h6 9. d3 Re8 10. Nbd2 Bf8 11. Ne5 Nxe5 12. Bxe5 Bd6 13. f4 a5 14. c5 Bf8 15. Bd4 Nd7 16. Nf3 b6 17. cxb6 c5 18. Bb2 Qxb6 19. Ne5 Rb8 20. Nxf7 Kxf7 21. Bh5+ Ke7 22. d4 Kd8 23. Bxe8 Kxe8 24. Qg6+ Kd8 25. dxc5 Qxc5 26. Bd4 Qe7 27. Rac1 Ba6 28. Rf2 Rc8 29. Rfc2 Rxc2 30. Qxc2 Qd6 31. Qc3 Qa3 32. Qc7+ Ke8 33. Rc2 Qb4 34. Kf2 Qb5 35. Qc6 Qf1+ 36. Kg3 Ke7 37. Qc7 Qe1+ 38. Rf2 Ke8 39. Qc6 Bd3 40. Qxe6+ Be7 41. Qg4 Nf6 42. Bxf6 Bxf6 1/2-1/2

[Event "Muensterland Verbandsliga 1718"]
[Site "Germany"]
[Date "2017.09.09"]
[Round "1.7"]
[White "Eiersbrock, Marko"]
[Black "Bohn, Andreas"]
[Result "1/2-1/2"]
[WhiteElo "1858"]
[BlackElo "1819"]
[PlyCount "28"]
[EventDate "2017.09.09"]
[EventType "team-tourn"]
[EventRounds "9"]
[EventCountry "GER"]
[SourceTitle "EXT 2019"]
[Source "ChessBase"]
[SourceDate "2018.10.10"]
[SourceVersion "1"]
[SourceVersionDate "2018.10.10"]
[SourceQuality "1"]
[WhiteTeam "Duelmen"]
[BlackTeam "Borken"]
[WhiteTeamCountry "GER"]
[BlackTeamCountry "GER"]

1. d4 d5 2. Nf3 e6 3. c4 c6 4. Nc3 Nf6 5. e3 Be7 6. Bd3 0-0 7. 0-0 Nbd7 8. b3 b6 9. Bb2 Bb7 10. Rc1 h6 11. Bb1 Re8 12. Ne5 Nf8 13. c5 bxc5 14. dxc5 Qc7 1/2-1/2

[Event "Muensterland Verbandsklasse-A 1213"]
[Site "Germany"]
[Date "2012.11.17"]
[Round "3.7"]
[White "Sobel, Meinhard"]
[Black "Bohn, Andreas"]
[Result "0-1"]
[WhiteElo "1539"]
[BlackElo "1865"]
[PlyCount "108"]
[EventDate "2012.09.15"]
[EventType "team-tourn"]
[EventRounds "9"]
[EventCountry "GER"]
[SourceTitle "EXT 2015"]
[Source "ChessBase"]
[SourceDate "2014.11.20"]
[SourceVersion "1"]
[SourceVersionDate "2014.11.20"]
[SourceQuality "1"]
[WhiteTeam "Muenster SK IV"]
[BlackTeam "Heiden"]
[WhiteTeamCountry "GER"]
[BlackTeamCountry "GER"]

1. e4 c5 2. Nf3 a6 3. d4 cxd4 4. Nxd4 Nf6 5. Nc3 e5 6. Nb3 Bb4 7. Bd2 Qc7 8. Bd3 0-0 9. 0-0 d6 10. a3 Bxc3 11. Bxc3 Nbd7 12. Qe2 Nc5 13. Rfd1 Nxb3 14. cxb3 Qb6 15. h3 Re8 16. Bc4 Be6 17. Rd2 Qc6 18. Re1 b5 19. Bxe6 fxe6 20. f3 a5 21. Red1 b4 22. Rxd6 Qc5+ 23. Qf2 Qxf2+ 24. Kxf2 bxc3 25. bxc3 Kf7 26. c4 Ke7 27. Rb6 Reb8 28. Rb5 Rxb5 29. cxb5 a4 30. Rb1 Nd7 31. h4 Nc5 32. b4 Nb3 33. Rb2 Kd7 34. g3 Rb8 35. f4 exf4 36. gxf4 Rxb5 37. Kg3 e5 38. fxe5 Rxe5 39. Kf4 Ke6 40. Rc2 Nd4 41. Rc4 Nb5 42. Rc6+ Nd6 43. Ra6 Rxe4+ 44. Kf3 Rxh4 45. Rxa4 g5 46. Ra6 h5 47. b5 Rh3+ 48. Kg2 Rb3 49. a4 g4 50. Ra8 h4 51. Rg8 Rb2+ 52. Kf1 g3 53. Rg4 Nf5 54. b6 Ne3+ 0-1

[Event "Muensterland Verbandsliga 1112"]
[Site "Germany"]
[Date "2012.05.19"]
[Round "9.2"]
[White "Bohn, Andreas"]
[Black "Funke, Reinhard"]
[Result "1/2-1/2"]
[WhiteElo "1860"]
[BlackElo "2054"]
[PlyCount "87"]
[EventDate "2011.09.24"]
[EventType "team-tourn"]
[EventRounds "9"]
[EventCountry "GER"]
[SourceTitle "EXT 2013"]
[Source "ChessBase"]
[SourceDate "2012.11.22"]
[SourceVersion "1"]
[SourceVersionDate "2012.11.22"]
[SourceQuality "1"]
[WhiteTeam "Heiden"]
[BlackTeam "Suedlohn"]
[WhiteTeamCountry "GER"]
[BlackTeamCountry "GER"]

1. c4 Nf6 2. g3 g6 3. Bg2 Bg7 4. Nc3 c5 5. Nf3 Nc6 6. 0-0 0-0 7. d3 Rb8 8. Bf4 d6 9. Qd2 Re8 10. Bh6 Bh8 11. h3 a6 12. Rab1 b5 13. b3 b4 14. Nd5 Nxd5 15. cxd5 Na7 16. Kh2 Nb5 17. e4 Rb7 18. Ng1 Bc3 19. Qe3 e6 20. dxe6 Rxe6 21. Ne2 Bg7 22. Bxg7 Kxg7 23. d4 Rc7 24. d5 Re8 25. Rbe1 f5 26. f3 h5 27. h4 Qf6 28. Qg5 Qxg5 29. hxg5 fxe4 30. fxe4 Re5 31. Nf4 Rce7 32. Bh3 Bxh3 33. Kxh3 Nd4 34. Nd3 Rxg5 35. e5 dxe5 36. Nxc5 Rc7 37. Ne4 Rf5 38. d6 Rd7 39. Rxf5 gxf5 40. Nc5 Rxd6 41. Rxe5 Kf6 42. Re8 Ne6 43. Nxe6 Rxe6 44. Rh8 1/2-1/2

[Event "Muensterland Verbandsliga 1112"]
[Site "Germany"]
[Date "2012.02.25"]
[Round "7.4"]
[White "Bohn, Andreas"]
[Black "Broemmel, Rudolf"]
[Result "1-0"]
[WhiteElo "1860"]
[BlackElo "1879"]
[PlyCount "89"]
[EventDate "2011.09.24"]
[EventType "team-tourn"]
[EventRounds "9"]
[EventCountry "GER"]
[SourceTitle "EXT 2013"]
[Source "ChessBase"]
[SourceDate "2012.11.22"]
[SourceVersion "1"]
[SourceVersionDate "2012.11.22"]
[SourceQuality "1"]
[WhiteTeam "Heiden"]
[BlackTeam "Raesfeld Erle"]
[WhiteTeamCountry "GER"]
[BlackTeamCountry "GER"]

1. Nf3 Nf6 2. d4 g6 3. g3 d5 4. Bg2 Bg7 5. 0-0 Ne4 6. c3 c5 7. dxc5 Na6 8. Ng5 Naxc5 9. Be3 Nxg5 10. Bxc5 Bh3 11. Qa4+ Qd7 12. Qxd7+ Kxd7 13. Be3 Bxg2 14. Kxg2 Ne4 15. Rd1 Kc6 16. Na3 Rhd8 17. f3 Nd6 18. Nc2 e6 19. Bd4 Bxd4 20. Rxd4 a5 21. a4 b6 22. Na3 Nf5 23. Rd3 e5 24. Rad1 e4 25. fxe4 Ne7 26. exd5+ Nxd5 27. Kf2 Rd6 28. Nc4 Rf6+ 29. Rf3 Rxf3+ 30. exf3 Re8 31. Rd3 Re6 32. Nd2 f5 33. Nb3 Rd6 34. Nd4+ Kc5 35. Nb5 Rd7 36. b3 Nf6 37. Rxd7 Nxd7 38. Ke3 Kd5 39. Nd4 Ke5 40. b4 Nf6 41. bxa5 bxa5 42. Nc6+ Ke6 43. Nxa5 Nd5+ 44. Kd4 Nb6 45. Nb7 1-0

[Event "Muensterland Verbandsliga 1011"]
[Site "Germany"]
[Date "2011.02.05"]
[Round "6.3"]
[White "Bohn, Andreas"]
[Black "Steiner, Karl"]
[Result "1/2-1/2"]
[WhiteElo "1863"]
[BlackElo "2032"]
[PlyCount "29"]
[EventDate "2010.09.25"]
[EventType "team-tourn"]
[EventRounds "9"]
[EventCountry "GER"]
[SourceTitle "EXT 2012"]
[Source "ChessBase"]
[SourceDate "2011.11.24"]
[SourceVersion "1"]
[SourceVersionDate "2011.11.24"]
[SourceQuality "1"]
[WhiteTeam "Heiden"]
[BlackTeam "Bocholt"]
[WhiteTeamCountry "GER"]
[BlackTeamCountry "GER"]

1. Nf3 Nf6 2. g3 d5 3. d4 c6 4. Bg2 Bf5 5. c3 e6 6. Nbd2 h6 7. Qb3 Qc7 8. 0-0 Nbd7 9. a4 a5 10. c4 Bb4 11. Rd1 0-0 12. Nf1 b5 13. axb5 cxb5 14. c5 Qb7 15. Bf4 1/2-1/2

[Event "Muensterland Verbandsliga 1011"]
[Site "Germany"]
[Date "2011.01.15"]
[Round "5.3"]
[White "Klein, Bjoern"]
[Black "Bohn, Andreas"]
[Result "1-0"]
[WhiteElo "1878"]
[BlackElo "1863"]
[PlyCount "85"]
[EventDate "2010.09.25"]
[EventType "team-tourn"]
[EventRounds "9"]
[EventCountry "GER"]
[SourceTitle "EXT 2012"]
[Source "ChessBase"]
[SourceDate "2011.11.24"]
[SourceVersion "1"]
[SourceVersionDate "2011.11.24"]
[SourceQuality "1"]
[WhiteTeam "Steinfurt"]
[BlackTeam "Heiden"]
[WhiteTeamCountry "GER"]
[BlackTeamCountry "GER"]

1. d4 Nf6 2. Nf3 e6 3. g3 b6 4. Bg2 Bb7 5. 0-0 Be7 6. c4 0-0 7. Nc3 d5 8. Ne5 Nbd7 9. Nxd7 Qxd7 10. Re1 Rfe8 11. Bg5 h6 12. Bxf6 Bxf6 13. cxd5 exd5 14. Rc1 Rac8 15. e3 c6 16. Qa4 Bd8 17. b4 b5 18. Qb3 Bb6 19. a4 a6 20. a5 Ba7 21. Ne2 Qe7 22. Nf4 Bxd4 23. exd4 Qxe1+ 24. Rxe1 Rxe1+ 25. Bf1 Rce8 26. Nd3 Ra1 27. Qc3 Rb1 28. Kg2 f6 29. f3 Re7 30. Kf2 Bc8 31. Qxc6 Bf5 32. Qxd5+ Be6 33. Qc5 Kf7 34. d5 Bf5 35. d6 Rxf1+ 36. Kxf1 Bxd3+ 37. Kg2 Re2+ 38. Kh3 Rd2 39. Qc7+ Kg6 40. g4 f5 41. Qc1 Rf2 42. Kg3 Rc2 43. Qxc2 1-0

[Event "Muensterland Verbandsklasse-A 0708"]
[Site "Germany"]
[Date "2007.12.15"]
[Round "4.8"]
[White "Bohn, Andreas"]
[Black "Nickel, Wolfgang"]
[Result "1/2-1/2"]
[WhiteElo "1898"]
[BlackElo "1690"]
[PlyCount "106"]
[EventDate "2007.09.22"]
[EventType "team"]
[EventRounds "9"]
[EventCountry "GER"]
[SourceTitle "EXT 2009"]
[Source "ChessBase"]
[SourceDate "2008.11.26"]
[SourceVersion "1"]
[SourceVersionDate "2008.11.26"]
[SourceQuality "1"]
[WhiteTeam "Heiden II"]
[BlackTeam "Ochtrup"]
[WhiteTeamCountry "GER"]
[BlackTeamCountry "GER"]

1. e4 c6 2. d4 d5 3. exd5 cxd5 4. c4 Nf6 5. Nc3 e6 6. Nf3 Be7 7. Be2 0-0 8. 0-0 dxc4 9. Bxc4 Nbd7 10. h3 Nb6 11. Bd3 Bd7 12. Ne5 Rc8 13. Nxd7 Qxd7 14. a3 Rfd8 15. Be3 Nbd5 16. Qb3 Nxe3 17. fxe3 Nd5 18. Rf3 Bf6 19. Ne4 b6 20. Raf1 Rf8 21. Nxf6+ Nxf6 22. Bb1 Ne8 23. Qd3 f5 24. d5 Nd6 25. dxe6 Qxe6 26. Qa6 Qd7 27. Rd1 Qe7 28. Qd3 Ne4 29. Qd5+ Kh8 30. Bxe4 fxe4 31. Rxf8+ Rxf8 32. Qd6 Qf7 33. Qf4 Qe7 34. Qg4 Qf6 35. Rd7 Qxb2 36. Rxa7 Qa1+ 37. Kh2 Qe5+ 38. Qg3 Qf6 39. Qf4 Qd8 40. Qe5 Rg8 41. Re7 Qd3 42. Re8 Qxa3 43. Qxe4 Qd6+ 44. Qe5 Qxe5+ 45. Rxe5 Rb8 46. Rb5 Kg8 47. e4 Kf7 48. e5 Ke6 49. Kg3 Rf8 50. Kg4 h6 51. Rxb6+ Kxe5 52. Rb7 Kf6 53. Rb6+ Kf7 1/2-1/2

[Event "Muensterland Verbandsklasse-A 0607"]
[Site "Germany"]
[Date "2007.03.24"]
[Round "7.2"]
[White "Bohn, Andreas"]
[Black "Rueberg, Jobst"]
[Result "0-1"]
[WhiteElo "1898"]
[BlackElo "2084"]
[PlyCount "66"]
[EventDate "2006.09.23"]
[EventType "team"]
[EventRounds "9"]
[EventCountry "GER"]
[SourceTitle "EXT 2008"]
[Source "ChessBase"]
[SourceDate "2007.11.25"]
[SourceVersion "1"]
[SourceVersionDate "2007.11.25"]
[SourceQuality "1"]
[WhiteTeam "Heiden II"]
[BlackTeam "Sendenhorst"]
[WhiteTeamCountry "GER"]
[BlackTeamCountry "GER"]

1. d4 Nf6 2. c4 e6 3. Nc3 Bb4 4. e3 b6 5. Nf3 Bb7 6. Be2 Ne4 7. Qc2 0-0 8. 0-0 Bxc3 9. bxc3 f5 10. a4 d6 11. a5 Rf6 12. axb6 cxb6 13. Nd2 Nxd2 14. Bxd2 Nc6 15. e4 f4 16. Qd3 Qc7 17. g3 e5 18. f3 Na5 19. Ra4 fxg3 20. hxg3 Qd7 21. Ra2 Qh3 22. Rf2 Qxg3+ 23. Rg2 Qh3 24. dxe5 dxe5 25. c5 Rg6 26. Rxg6 hxg6 27. cxb6 Qg3+ 28. Kf1 Bc8 29. Qd5+ Kh7 30. Bd1 Ba6+ 31. Be2 Qxf3+ 32. Kg1 Qg3+ 33. Kf1 Rf8+ 0-1

[Event "GER KF-32 Class1 B2 email"]
[Site "GER email"]
[Date "2007.??.??"]
[Round "?"]
[White "Bohn, Andreas"]
[Black "Barth, Gerald"]
[Result "1/2-1/2"]
[WhiteElo "2000"]
[BlackElo "2069"]
[PlyCount "48"]
[EventDate "2007.??.??"]
[EventType "tourn (corr)"]
[EventRounds "6"]
[EventCountry "GER"]
[SourceTitle "Corr 2008"]
[Source "ChessBase"]
[SourceDate "2008.06.24"]
[SourceVersion "1"]
[SourceVersionDate "2008.06.24"]
[SourceQuality "1"]

1. e4 e5 2. Nf3 Nf6 3. Nxe5 d6 4. Nf3 Nxe4 5. d4 d5 6. Bd3 Nc6 7. Nbd2 Nxd2 8. Qxd2 Bd6 9. Qe3+ Ne7 10. a3 0-0 11. 0-0 Nf5 12. Qg5 f6 13. Qd2 Qe8 14. Re1 Qh5 15. Qc3 Bd7 16. Bd2 Rae8 17. h3 Ne7 18. Be2 Qf7 19. a4 Ng6 20. Qb3 b6 21. a5 Nf4 22. Bxf4 Bxf4 23. axb6 axb6 24. Bd3 Bd6 1/2-1/2

[Event "GER KF-32 Class1 B2 email"]
[Site "GER email"]
[Date "2007.??.??"]
[Round "?"]
[White "Wuerzebesser, Ray"]
[Black "Bohn, Andreas"]
[Result "1-0"]
[WhiteElo "2034"]
[BlackElo "2000"]
[PlyCount "53"]
[EventDate "2007.??.??"]
[EventType "tourn (corr)"]
[EventRounds "6"]
[EventCountry "GER"]
[SourceTitle "Corr 2008"]
[Source "ChessBase"]
[SourceDate "2008.06.24"]
[SourceVersion "1"]
[SourceVersionDate "2008.06.24"]
[SourceQuality "1"]

1. e4 c5 2. Nf3 d6 3. d4 cxd4 4. Nxd4 Nf6 5. Nc3 a6 6. Be3 g6 7. f3 Bg7 8. Qd2 Qc7 9. 0-0-0 Nbd7 10. g4 h6 11. h4 b5 12. h5 g5 13. Nf5 Bf8 14. Be2 Ne5 15. f4 gxf4 16. Bxf4 Bb7 17. Rh3 Qc5 18. Be3 Qc7 19. Bd4 Rc8 20. Bxe5 dxe5 21. Nxb5 Qb8 22. Qa5 Nd7 23. Rc3 Rxc3 24. Qxc3 e6 25. Nbd6+ Bxd6 26. Nxd6+ Ke7 27. Qb4 1-0

[Event "Muensterland Verbandsklasse-A 0506"]
[Site "Germany"]
[Date "2006.02.25"]
[Round "7.2"]
[White "Stanik, Hans"]
[Black "Bohn, Andreas"]
[Result "1/2-1/2"]
[WhiteElo "2050"]
[BlackElo "1867"]
[PlyCount "44"]
[EventDate "2005.09.03"]
[EventType "team"]
[EventRounds "9"]
[EventCountry "GER"]
[SourceTitle "EXT 2006"]
[Source "ChessBase"]
[SourceDate "2005.11.24"]
[SourceVersion "1"]
[SourceVersionDate "2005.11.24"]
[SourceQuality "1"]
[WhiteTeam "Bocholt"]
[BlackTeam "Heiden II"]
[WhiteTeamCountry "GER"]
[BlackTeamCountry "GER"]

1. d4 d5 2. Nf3 Nf6 3. Bf4 e6 4. e3 Be7 5. h3 Nbd7 6. Bd3 0-0 7. c4 c5 8. Nc3 cxd4 9. exd4 dxc4 10. Bxc4 a6 11. a4 Nb6 12. Bb3 h6 13. 0-0 Bd7 14. Ne5 Rc8 15. Qf3 Bc6 16. Nxc6 Rxc6 17. Rfd1 Nbd5 18. Nxd5 Nxd5 19. Be5 Bg5 20. Qe4 Qb6 21. Rd3 f6 22. Bxd5 Qxb2 1/2-1/2

[Event "Muensterland Verbandsklasse-A 0304"]
[Site "Germany"]
[Date "2004.03.06"]
[Round "7.4"]
[White "Heine, Rolf"]
[Black "Bohn, Andreas"]
[Result "1-0"]
[WhiteElo "2023"]
[BlackElo "1833"]
[PlyCount "84"]
[EventDate "2003.09.20"]
[EventType "team"]
[EventRounds "9"]
[EventCountry "GER"]
[SourceTitle "EXT 2005"]
[Source "ChessBase"]
[SourceDate "2004.11.15"]
[SourceVersion "1"]
[SourceVersionDate "2004.11.15"]
[SourceQuality "1"]
[WhiteTeam "Sendenhorst"]
[BlackTeam "Heiden II"]
[WhiteTeamCountry "GER"]
[BlackTeamCountry "GER"]

1. c4 Nf6 2. g3 e6 3. Nf3 d5 4. b3 Be7 5. Bg2 0-0 6. 0-0 b6 7. Bb2 Bb7 8. e3 dxc4 9. bxc4 c5 10. Nc3 Nc6 11. d4 Na5 12. Ne5 Bxg2 13. Kxg2 Rc8 14. d5 Nd7 15. Nxf7 Qc7 16. Nb5 Qb8 17. Qg4 Nf6 18. Nh6+ Kh8 19. Qxe6 Nxc4 20. Nf7+ Rxf7 21. Qxf7 Nxb2 22. Qxe7 a6 23. Nd6 Rc7 24. Qe6 h6 25. e4 Qf8 26. Nf5 Nc4 27. Rac1 Nd2 28. Rfe1 c4 29. d6 Rf7 30. Ne7 Qe8 31. Ng6+ Kh7 32. Qxe8 Nxe8 33. Ne5 Nxd6 34. Nxf7 Nxf7 35. Rc2 c3 36. Rxc3 b5 37. Rc7 Ne5 38. f4 Ng6 39. e5 Nc4 40. e6 Nd6 41. e7 Ne8 42. Rc8 Nxe7 1-0

[Event "Muensterland Verbandsklasse-A 0304"]
[Site "Germany"]
[Date "2004.01.17"]
[Round "5.4"]
[White "Topp, Michael"]
[Black "Bohn, Andreas"]
[Result "1-0"]
[WhiteElo "2130"]
[BlackElo "1833"]
[PlyCount "83"]
[EventDate "2003.09.20"]
[EventType "team"]
[EventRounds "9"]
[EventCountry "GER"]
[SourceTitle "EXT 2005"]
[Source "ChessBase"]
[SourceDate "2004.11.15"]
[SourceVersion "1"]
[SourceVersionDate "2004.11.15"]
[SourceQuality "1"]
[WhiteTeam "Emsdetten Turm III"]
[BlackTeam "Heiden II"]
[WhiteTeamCountry "GER"]
[BlackTeamCountry "GER"]

1. c4 Nf6 2. g3 g6 3. Bg2 Bg7 4. Nc3 0-0 5. Nf3 c5 6. 0-0 Nc6 7. d4 cxd4 8. Nxd4 a6 9. e4 Qb6 10. Nc2 d6 11. b3 Bg4 12. Qe1 Rab8 13. Bg5 Qd8 14. Qd2 Re8 15. Rfe1 b5 16. Ne3 Bd7 17. Rad1 h6 18. Bxf6 Bxf6 19. c5 dxc5 20. Nxb5 axb5 21. Qxd7 Qxd7 22. Rxd7 e6 23. Ng4 Bg7 24. Rc1 h5 25. Rxc5 Nb4 26. Ne3 Nxa2 27. Rcc7 Rf8 28. f4 Rbc8 29. Rb7 b4 30. e5 Rfd8 31. Rxf7 Bf8 32. Nc4 Bc5+ 33. Kh1 Rd1+ 34. Bf1 Rxf1+ 35. Kg2 Rf2+ 36. Kh3 Bf8 37. Nd6 Bxd6 38. exd6 Rcc2 39. Kh4 Rxh2+ 40. Kg5 Rh3 41. Rg7+ Kf8 42. Rbf7+ 1-0

[Event "Muensterland Verbandsklasse-A 0203"]
[Site "Muensterland"]
[Date "2003.01.18"]
[Round "5.2"]
[White "Bohn, Andreas"]
[Black "Muhren, Willem"]
[Result "0-1"]
[WhiteElo "1874"]
[BlackElo "2182"]
[PlyCount "206"]
[EventDate "2002.09.28"]
[EventType "team"]
[EventRounds "9"]
[EventCountry "GER"]
[SourceTitle "EXT 2004"]
[Source "ChessBase"]
[SourceDate "2003.11.25"]
[SourceVersion "1"]
[SourceVersionDate "2003.11.25"]
[SourceQuality "1"]
[WhiteTeam "Heiden II"]
[BlackTeam "Emsdetten Turm III"]
[WhiteTeamCountry "GER"]
[BlackTeamCountry "GER"]

1. d4 Nf6 2. c4 g6 3. Nc3 Bg7 4. Nf3 0-0 5. e3 d6 6. Be2 Nbd7 7. 0-0 e5 8. dxe5 dxe5 9. Qc2 c6 10. Rb1 Nc5 11. Nd2 a5 12. b3 Re8 13. Ba3 Bf8 14. Rbd1 Qc7 15. Bxc5 Bxc5 16. Na4 Bf8 17. c5 e4 18. Nb6 Rb8 19. Nxc8 Rbxc8 20. a3 Qe5 21. b4 axb4 22. axb4 Nd5 23. Qb3 Qc3 24. Bc4 Qxb3 25. Nxb3 Nxb4 26. Rd7 Re7 27. Rfd1 Na6 28. Rxe7 Bxe7 29. Rd7 Rc7 30. Rxc7 Nxc7 31. Na5 Bxc5 32. Nxb7 Be7 33. Na5 c5 34. Nb3 Kg7 35. Nd2 f5 36. f3 exf3 37. Nxf3 Kf6 38. h4 h6 39. Kf2 Ne8 40. Nd2 Nd6 41. Bd3 Ke5 42. g3 Kd5 43. Kf3 c4 44. Bc2 Ke5 45. e4 c3 46. exf5 cxd2 47. fxg6 Ne8 48. Ke3 Bb4 49. g4 Kf6 50. Kf4 Ng7 51. g5+ hxg5+ 52. hxg5+ Ke6 53. Ke4 Be7 54. Bb3+ Kd6 55. Kf4 Kc5 56. Ke3 Bxg5+ 57. Kd3 Kb4 58. Bd1 Bh6 59. Kc2 Kc4 60. Bg4 Kd4 61. Bd7 Ke3 62. Bg4 Ne8 63. Bh5 Nd6 64. Bg4 Ne4 65. Bd1 Nf2 66. Bh5 Bg7 67. Kb3 d1Q+ 68. Bxd1 Nxd1 69. Kc4 Ke4 70. Kc5 Ke5 71. Kc4 Kf5 72. Kd5 Ne3+ 73. Kd6 Bd4 74. g7 Bxg7 75. Kc5 Ke6 76. Kc6 Bd4 77. Kc7 Kd5 78. Kb7 Kd6 79. Kc8 Nd5 80. Kb7 Nb4 81. Kc8 Kc6 82. Kb8 Na6+ 83. Ka8 Nc7+ 84. Kb8 Bc5 85. Kc8 Na6 86. Kd8 Nb8 87. Kc8 Nd7 88. Kd8 Nb6 89. Ke8 Kd6 90. Kf7 Ke5 91. Kg6 Be7 92. Kf7 Bf6 93. Kg6 Nc4 94. Kh5 Kf5 95. Kh6 Ne5 96. Kh5 Be7 97. Kh6 Kg4 98. Kg7 Kg5 99. Kh7 Bf8 100. Kg8 Bh6 101. Kh7 Kh5 102. Kg8 Kg6 103. Kh8 Nd7 0-1

[Event "Muensterland Verbandsklasse-A 0203"]
[Site "Muensterland"]
[Date "2002.11.09"]
[Round "2.2"]
[White "Heine, Rolf"]
[Black "Bohn, Andreas"]
[Result "1/2-1/2"]
[WhiteElo "2024"]
[BlackElo "1874"]
[PlyCount "31"]
[EventDate "2002.09.28"]
[EventType "team"]
[EventRounds "9"]
[EventCountry "GER"]
[SourceTitle "EXT 2004"]
[Source "ChessBase"]
[SourceDate "2003.11.25"]
[SourceVersion "1"]
[SourceVersionDate "2003.11.25"]
[SourceQuality "1"]
[WhiteTeam "Sendenhorst"]
[BlackTeam "Heiden II"]
[WhiteTeamCountry "GER"]
[BlackTeamCountry "GER"]

1. c4 c6 2. b3 Nf6 3. g3 d5 4. Nf3 e6 5. Bg2 Be7 6. Bb2 0-0 7. 0-0 Nbd7 8. d3 b6 9. Nbd2 Bb7 10. Rc1 c5 11. cxd5 Bxd5 12. Nc4 Rc8 13. e4 Bb7 14. Ne1 b5 15. Ne3 Qb6 16. e5 1/2-1/2